The Election Process : (Record no. 615958)

MARC details
000 -LEADER
fixed length control field 00480nam a2200181 a 4500
008 - FIXED-LENGTH DATA ELEMENTS--GENERAL INFORMATION
fixed length control field 260227s2008##################000#0#eng##
020 ## - INTERNATIONAL STANDARD BOOK NUMBER
ISBN 9780737739756
082 04 - DEWEY DECIMAL CLASSIFICATION NUMBER
Classification number 324.60973
Item number WIL
100 1# - MAIN ENTRY--AUTHOR NAME
Personal name Wilson, Mike,
245 10 - TITLE STATEMENT
Title The Election Process :
260 ## - PUBLICATION, DISTRIBUTION, ETC. (IMPRINT)
Name of publisher Greenhaven Press, Incorporated,
Year of publication 2008.
650 #0 - SUBJECT ADDED ENTRY--TOPICAL TERM
Topical Term Elections.
942 ## - ADDED ENTRY ELEMENTS (KOHA)
Koha item type English Books
Holdings
Withdrawn status Lost status Damaged status Not for loan Home library Current library Shelving location Date acquired Full call number Accession Number Price effective from Koha item type
        Anna Centenary Library Anna Centenary Library 3RD FLOOR, B WING 27.02.2026 324.60973 WIL 186359 27.02.2026 English Books

Find us on the map